00301nam a2200133Ia 45000030006000000080041000060400015000471000013000622450021000752600034000963000006001305460014001360050017001500STCL150530s9999 xx 000 0 und d aSTCLcSTCL aAkkitham aKarathalamalakam bMangalodayam ; Thrissurc1969 a0 aMalayalam20220125170721.0